Largest Countries - One Minute Sprint - Statistics

General Stats
  • This quiz has been taken 52 times
  • The average score is 15 of 20
Answer Stats
rank country % Correct
3 China
100%
1 Russia
100%
4 United States
100%
2 Canada
98%
7 India
98%
5 Brazil
96%
6 Australia
94%
8 Argentina
82%
15 Indonesia
82%
14 Mexico
80%
10 Algeria
76%
9 Kazakhstan
73%
11 Dem Rep Congo
71%
13 Saudi Arabia
67%
18 Iran
63%
19 Mongolia
59%
16 Sudan
59%
17 Libya
49%
20 Peru
45%
12 Greenland
29%
No matching quizzes found
Score Distribution
Percent of People with Each Score
Percentile by Number Answered
Your Score History
You have not taken this quiz